000 00439nam a2200181Ia 4500
005 20230510101943.0
008 131103s9999 xx 000 0 und d
040 _aLoreto College
041 _aEnglish
082 _a823.91
_bHAR
100 _aHardy,Thomas
245 2 _aA pair of blue eyes
_cThomas Hardy
260 _aLondon
_bMacmillan
_c1957
300 _avii,435 p.
650 _aEnglish essays
850 _aLCLIB
942 _cBK
999 _c22530
_d73009